| 000 | 01641cam a22004094a 4500 | ||
|---|---|---|---|
| 001 | 15412052 | ||
| 003 | EG-ScBUE | ||
| 005 | 20220919092337.0 | ||
| 008 | 080814t2008 nyua f 001 0 eng d | ||
| 020 | _a0071485635 | ||
| 020 | _a9780071485630 | ||
| 035 | _a(OCoLC)ocn153581813 | ||
| 040 |
_aYDXCP _beng _erda _cYDXCP _dBTCTA _dBAKER _dWIQ _dTXA _dUMC _dIXA _dVRC _dDLC _dEG-ScBUE |
||
| 082 | 0 | 4 |
_a720.472 _222 _bGEV |
| 100 | 1 |
_aGevorkian, Peter, _eauthor. _95044 |
|
| 245 | 1 | 0 |
_aSolar power in building design : _bthe engineer's complete design resource / _cPeter Gevorkian, Ph.D., P.E. |
| 264 | 1 |
_aNew York : _bMcGraw-Hill, _c[2008] |
|
| 264 | 4 | _cc2008 | |
| 300 |
_axxvii, 476 pages : _billustrations ; _c24 cm. |
||
| 336 |
_2rdacontent _atext _btxt |
||
| 337 |
_2rdamedia _aunmediated _bn |
||
| 338 |
_2rdacarrier _avolume _bnc |
||
| 490 | 0 | _aA green source book | |
| 500 | _aIncludes index. | ||
| 500 | _aIncludes Appendices. | ||
| 650 | 7 |
_aSolar buildings _xDesign and construction. _95046 _2BUEsh |
|
| 650 | 7 |
_aArchitecture and solar radiation. _95047 _2BUEsh |
|
| 650 | 7 |
_aArchitecture and energy conservation. _95048 _2BUEsh |
|
| 651 | _2BUEsh | ||
| 653 | _bENGARC | ||
| 655 |
_vReading book _934232 |
||
| 856 | 4 | 2 |
_3Contributor biographical information _uhttp://www.loc.gov/catdir/enhancements/fy0902/2008298739-b.html |
| 856 | 4 | 2 |
_3Publisher description _uhttp://www.loc.gov/catdir/enhancements/fy0902/2008298739-d.html |
| 856 | 4 | 1 |
_3Table of contents only _uhttp://www.loc.gov/catdir/enhancements/fy0902/2008298739-t.html |
| 942 |
_2ddc _cBB |
||
| 999 |
_c11598 _d11598 |
||